000 00611nam a2200241Ia 4500
003 OSt
005 20221007080043.0
006 a|||||r|||| 00| 0
007 ta
008 221006b |||||||| |||| 00| 0 eng d
024 _a33,102
037 _cTextual
040 _aFLL
_cFLL
_beng
041 _2eng
_aeng
082 _aW:5, 152Q0
100 _aGulshan Naveen
245 0 _aRagging ek atank
250 _a1st
260 _aNew Delhi
_bStandard Publishers (India) India
_c2010
300 _a218P
_ccm.
942 _hW:5, 152Q0
_cTEXL
_2CC
999 _c1158233
_d1158233